| 000 | 00884nam a22002297a 4500 | ||
|---|---|---|---|
| 999 |
_c10722 _d10722 |
||
| 003 | AR-CdUCM | ||
| 008 | 190401b ||||| |||| 00| 0 spa d | ||
| 040 |
_aMUNICIPALIDAD PROVINCIAL DEL CUSCO _cBIBLIOTECA MUNICIPAL DEL CUSCO |
||
| 082 |
_a657 / _bC33 / 1899 |
||
| 100 |
_aOliver Castañer, Emilio _927708 |
||
| 245 | _aLa Partida Doble / | ||
| 260 |
_aBarcelona : _bLuis Casso, _c1899. |
||
| 300 |
_atomos : _bilustraciones, graficos, dibujos, _c27 cm. |
||
| 505 | _aContenido: Sociedades regulares colectivas -- participaciones en compañias mercantiles -- Asociaciones de participación -- compraventa y mercancias -- copras y ventas a comision -- prestamos con garantia... | ||
| 650 |
_aContabilidad _910543 |
||
| 650 |
_aCalculo _918765 |
||
| 650 |
_aComercial _927292 |
||
| 650 |
_aCaja _919115 |
||
| 650 |
_aPartida doble _927716 |
||
| 942 |
_2ddc _cLIBROS |
||
| 945 | _apjha | ||